Statistics for Name these Patricias

Click here to take the quiz!

General Stats

  • This quiz has been taken 41 times
  • The average score is 5 of 20

Answer Stats

Answer% Correct
Pat Nixon
66%
Patty Hearst
51%
Patricia Arquette
44%
Patti Smith
44%
Pat Benatar
41%
Patti LaBelle
39%
Patty Bouvier
39%
Patricia Clarkson
27%
Rooney Mara
17%
Patty Duke
15%
Patty Jenkins
15%
Hellcat (Patsy Walker)
12%
Patricia Kennedy Lawford
10%
Patricia Neal
10%
Patty Murray
10%
Patty Andrews
7%
Patty Loveless
7%
Patty Donahue
5%
Patricia Krenwinkel
2%
Patricia of Connaught
2%

Score Distribution

Percentile by Number Answered

Percent of People with Each Score

Your Score History

You have not taken this quiz